| 000 | 01409cam a2200373 a 4500 | ||
|---|---|---|---|
| 999 |
_c840 _d840 |
||
| 001 | 733293 | ||
| 003 | GZU | ||
| 005 | 20200915100533.0 | ||
| 008 | 980513s1998 enkab j 001 0 eng | ||
| 010 | _a 98150118 | ||
| 020 | _a9780521568647 | ||
| 040 |
_aDLC _cDLC _dDLC |
||
| 042 | _alcac | ||
| 043 | _an-us--- | ||
| 050 | 0 | 0 | _aE 783 CAM |
| 082 | 0 | 0 |
_a973.91 _221 |
| 100 | 1 |
_aCampbell, Ian, _d1950- |
|
| 245 | 1 | 4 |
_aThe USA, 1917-1941 / _cIan Campbell. |
| 260 |
_aCambridge ; _aNew York : _bCambridge University Press, _c1998. |
||
| 300 |
_a64 p. : _bill., maps (some col.) ; _c28 cm. |
||
| 440 | 0 | _aCambridge history programme | |
| 500 | _aIncludes index. | ||
| 650 | 0 |
_aNew Deal, 1933-1939 _xJuvenile literature. |
|
| 650 | 1 | _aNew Deal, 1933-1939. | |
| 651 | 0 |
_aUnited States _xHistory _y1919-1933 _xJuvenile literature. |
|
| 651 | 0 |
_aUnited States _xHistory _y1933-1945 _xJuvenile literature. |
|
| 651 | 1 |
_aUnited States _xHistory _y1919-1933. |
|
| 651 | 1 |
_aUnited States _xHistory _y1933-1945. |
|
| 856 | 4 | 2 |
_3Publisher description _uhttp://www.loc.gov/catdir/description/cam029/98150118.html |
| 856 | 4 | 1 |
_3Table of contents _uhttp://www.loc.gov/catdir/toc/cam025/98150118.html |
| 906 |
_a7 _bcbc _corignew _d3 _encip _f19 _gy-gencatlg |
||
| 942 |
_2lcc _cBK _h783 _iCAM _kE |
||